| 000 | 00534nam a2200193 i 4500 | ||
|---|---|---|---|
| 001 | 45564 | ||
| 003 | ES-MaACL | ||
| 007 | t| | ||
| 008 | 030326s1975 sp ||||1| spa d | ||
| 100 | 1 |
_aCollantes Díaz, A. _939672 |
|
| 245 | 1 | 3 |
_aEl pert / _cA. Collantes Díaz. |
| 250 | _a[2ª ed]. | ||
| 260 |
_aMadrid, etc. : _bIndex, _c[1975] |
||
| 300 |
_a139 p., 3 gráf. : _bil. ; _c17 cm. |
||
| 490 | 1 | _aQué es y para qué | |
| 830 | 0 |
_aQué es y para qué _9182061 |
|
| 852 |
_aES-MaACL _jE-8722 _bR.92903 |
||
| 999 |
_c45564 _d45564 |
||